00959cpcaa2200253 a 4500001001300000003000400013005001700017008004100034010001700075040002400092072001200116100003300128245003900161300001500200506002200215520021400237545006900451546003600520580005700556650003500613656002100648656001900669999001700688mm 79005566 DLC20260227111651.0791217|||||||||||| eng  amm 79005566  aDLCcDLCedacsdDLC 7aL2lcmd1 aSpeyer, Leonora,d1872-1956.00aLeonora Speyer papers,f1917-1941. a21fitems.0 aOpen to research.8 aNineteen poems (1917-1941) composed and handcopied by Speyer, printed version of her poem, "The Saint Gaudens Statue" (1921), and ALS (no year July 3) written by Speyer relating to the selection of the poems.0 aPoet and author. Born Leonora von Stosch; married Edgar Speyer. aCollection material in English. aForms part of: Miscellaneous Manuscripts collection. 0aAmerican poetryy20th century. 7aAuthors.2itoamc 7aPoets.2itoamc c41926d41926